| 000 | 00000nam##2200000za#4500 |
| 001 | 9.698938 |
| 003 | CaOODSP |
| 005 | 20210625000145 |
| 007 | cr ||||||||||| |
| 008 | 150407|2009||||xxc|||||o f|0| 0 eng|d |
| 040 | |aCaOODSP|beng |
| 043 | |an-cn--- |
| 086 | 1 |aIu92-4/31-2009E-PDF |
| 110 | 1 |aCanada.|bWestern Economic Diversification Canada. |bAudit and Evaluation Branch. |
| 245 | 10|aEvaluation of policy, advocacy and coordination functions |h[electronic resource] |
| 260 | |aOttawa - Ontario : |bWestern Economic Diversification Canada. |cJuly 2009. |
| 300 | |a49p.|bfigs., tables |
| 590 | |a14-05-Supp|b2014-02-26 |
| 690 | 07|aWestern provinces|2gcpds |
| 775 | 08|tÉvaluation des fonctions relatives à la politique, à la représentation et à la coordination |w(CaOODSP)9.642934 |
| 856 | 40|ahttp://publications.gc.ca|qPDF|s345 KB|uhttps://publications.gc.ca/collections/collection_2014/deo-wd/Iu92-4-31-2009-eng.pdf |